Top 30 bbno$ Songs - Statistics

General Stats
  • This quiz has been taken 14 times
  • The average score is 5 of 30
Answer Stats
# Song Rating % Correct
2. edamame 82
83%
26. two 62
75%
4. C'est La Vie 78
25%
1. help herself 88
25%
12. i see london i see france 72
25%
6. mathematics 77
25%
7. top gun 77
25%
10. bag or die 75
17%
28. bag TF up 61
17%
23. brainless 63
17%
14. chipotle 72
17%
13. robert patekson 72
17%
20. vasectomy 66
17%
3. Whip A Tesla 81
17%
29. 2 time zones 61
8%
30. big boss baby 59
8%
27. black eyed pees 61
8%
17. b to the b 68
8%
21. deadman 65
8%
8. i remember 76
8%
22. let em know 63
8%
9. piccolo 76
8%
15. resume 70
8%
11. sophisticated 73
8%
16. u mad! 68
8%
5. yoga 77
8%
25. Isn't it Just Marvelous? 62
0%
19. jack money bean 67
0%
18. jurassic 67
0%
24. wassup 63
0%
No matching quizzes found
Score Distribution
Percent of People with Each Score
Percentile by Number Answered
Your Score History
You have not taken this quiz